000 00621nam a2200205Ia 4500
005 20250326144624.0
008 250326s9999 xx 000 0 und d
020 _a978-0-415-54847-2
037 _aTextbook
040 _aFMSL
_beng
_cFMSL
041 _aeng
_2eng
084 _aX Q0
_qFMSL
100 _aBlaney David L
_9499386
245 0 _aSavage economics : Weatlh, poverty and the temporal walls of capitalism
_cBlaney David L; Inayatullah Naeem
260 _aLondon
_bLondon, Routledge
_c2010
300 _axiii,232
365 _b5870.3999999999996
942 _cTB
_hX Q0
999 _c1304361
_d1304361